000 00939nam a2200205 i 4500
001 94245
003 ES-MaACL
005 20250811063411.0
007 t|
008 050809s1928 sp ||||1| spa d
100 1 _aTorón Villegas, Luis.
_9110697
245 1 0 _aEstudio sobre el tratamiento de los combustibles líquidos minerales para la obtención de productos comerciales /
_cpor el ingeniero de minas Luis Torón Villegas.
260 _aMadrid :
_bMinisterio de Agricultura, Industria y Comercio,
_c[1928?]
300 _a284 p., [8] h. pleg. ;
_c24 cm.
500 _aPrecede al tít.: Dirección General de Minas y Combustibles.
500 _3"Obra premiada en el concurso de 1928 convocado por el Ministerio de Fomento, según real orden de 27 de febrero de 1928. Lema: Petroleum"
710 1 _aEspaña.
_bDirección General de Minas y Combustibles
_93756
852 _aES-MaACL
_jA-1889(3)
999 _c94245
_d94245